000 00667nam a22001577a 4500
003 OSt
005 20151003092353.0
008 151003b xxu||||| |||| 00| 0 eng d
040 _cRUA
082 _aAGR KY 2012 B050 Or.1
100 _91839
_aKY, SEN
245 _aPesticide utilization on dry-season rice in boreichulsa district takeo province, ការប្រើប្រាស់ថ្នាំកសិកម្មទៅលើដំណាំស្រូវប្រាំងនៅក្នុងស្រុកបូរីជលសារ ខេត្តតាកែវ
260 _aPhnom Penh
_bRUA
_c2012
300 _axi; 62p.
_bill.
_c29cm.
942 _2ddc
_cAGR
999 _c1736
_d1736